00706 2200265 4500001002100000005001500021035002000036245007400056100001800130250000600148300003500154700002500189260003000214082001200244084001800256020002200274650002500296990001700321990001700338990001700355990001700372990001700389990001700406990001700423INLIS00000000000049220181127105653 a0010-11180000351 aBelajar Bermain Futsal /cSukirno, S.Pd; Editor, Fahmi Ekantara, S.Pd0 aSukirno, S.Pd a- aiv, 76 hlm. :bilus. ;c21 cm.0 aFahmi Ekantara, S.Pd aDepok :bArya Duta,c2010 a796.334 a796.334 SUK b a978-979-750-756-5 aBola Kaki ( Futsal ) a01721/P/2018 a01722/P/2018 a01723/P/2018 a01724/P/2018 a01725/P/2018 a01726/P/2018 a05277/P/2024